• 首页
  • 本馆介绍
  • 公告通知
  • 最新文献
  • 馆藏检索
  • 电子资源
  • 读者导购
  • 参考咨询
  • 我的图书馆
  • 登录
  • 详细信息显示
  • 放入我的书架
  • 预约/预借图书
  • 作者相关作品
  • 分类相关作品
  • 丛书相关作品
  • 出版社相关作品

书目信息

  • 表格格式
  • 工作单格式
  • 卡片格式
题名:
苏格拉底的审判
    
 
作者: 美斯东 ;董乐山 译
分册:  
出版信息: 北京   生活·读书·新知 三联书店  1998
页数: 289页
开本: 20cm
丛书名:
单 册:
中图分类: B502.231
科图分类:
主题词: 哲学--欧洲
电子资源:
ISBN: 7-108-01108-5
000 00591nam0 2200193 450
001 0728815141
005 20070819080015.14
010    @a7-108-01108-5@d¥16.80
100    @a20070819d km y0chiy0120 ea
101 0  @achi
200 1  @a苏格拉底的审判@Asu ge la di de shen pan@f[美]斯东@F[mei]si dong@g董乐山译@Gdong yue shan yi
210    @a北京@c生活·读书·新知 三联书店@d1998
215    @a289页@d20cm
606 0  @a哲学@x欧洲
690    @aB502.231@v3
701  0 @a美斯东@Amei si dong
702  0 @a董乐山@Adong yue shan@4译
801  0 @aCN@bPFT@c20070819
905    @a213230@dB502.231@eZW151@f1
    
    苏格拉底的审判/[美]斯东/董乐山译.-北京:生活·读书·新知 三联书店,1998
    289页;20cm
    
    
    ISBN 7-108-01108-5:¥16.80
    
●
相关链接 在E读中查询图书 在五车中查询图书 在当当中查询图书 在豆瓣中查询图书


正题名:苏格拉底的审判     索取号:B502.231/ZW151         预约/预借

序号 登录号 条形码 馆藏地/架位号 状态 备注
1 7600279   276002790   密集书库-文学院/ [索取号:B502.231/ZW151] 在馆    
唐山师范学院图书馆 欢迎您!
大连网信软件有限公司© 版权所有